Introducción a la electroquímica

保存先:
書誌詳細
第一著者: Posadas, Dionisio (著者)
フォーマット: 図書
言語:スペイン語
出版事項: Washington, D.C OEA, Secretaría General, Departamento de Asuntos Científicos, Programa Regional de Desarrollo Científico y Tecnológico 1980
シリーズ:Serie de química. Monografía, 22
主題:
タグ: タグ追加
タグなし, このレコードへの初めてのタグを付けませんか!

MARC

LEADER 00000nam a2200000 a 4500
001 UCW2643
003 CL-VaPUC
008 900831e19800000US |||||||||||||||||spa|d
082 0 4 |a 541.37  |b POS  |2 21 
100 0 |a Posadas, Dionisio  |e author  |9 306908 
245 1 0 |a Introducción a la electroquímica 
300 |a 136 p 
942 |c BK 
945 |d 19900831 00:00:00 
260 |a Washington, D.C  |b OEA, Secretaría General, Departamento de Asuntos Científicos, Programa Regional de Desarrollo Científico y Tecnológico  |c 1980 
650 0 |a Electroquímica  |9 263973 
583 |a last modification  |c 19900831 00:00:00  |k Rodrigo Vera 
490 0 |a Serie de química. Monografía, 22 
999 |c 217149  |d 217147 
952 |0 0  |1 0  |4 0  |6 541_370000000000000_POS_1980  |7 0  |8 A  |9 203847  |a BIBCUR  |b BIBCUR  |d 2019-11-15  |i 3188493  |o 541.37 POS 1980  |p 3188493  |r 2025-04-22  |w 2019-11-15  |y BK  |k BCB 
952 |0 0  |1 0  |4 0  |6 541_370000000000000_POS_1980  |7 0  |8 A  |9 203848  |a BIBCUR  |b BIBCUR  |d 2019-11-15  |i 1754947  |o 541.37 POS 1980  |p 1754947  |r 2025-04-22  |w 2019-11-15  |y BK  |k BCB